Countries that haven't had a female presidents - Sudden death! - Statistics

General Stats
  • This quiz has been taken 67 times
  • The average score is 4 of 22
Answers on the Grid
Answers color-coded by a green-red scale on the quiz's grid according to % correct below.
Andorra
Armenia
Bhutan
Brunei
Chile
Djibouti
Eswatini
Georgia
Kiribati
Kyrgyzstan
Laos
Liechtenstein
Malta
Marshall Islands
Mauritius
Micronesia
Moldova
Monaco
Mongolia
Nauru
Philippines
San Marino
São Tomé and Príncipe
Seychelles
Solomon Islands
Suriname
Tajikistan
Timor-Leste
Tuvalu
Vanuatu
 
Answer Stats
Answer % Correct
Armenia
45%
Brunei
45%
Andorra
42%
Bhutan
42%
Eswatini
34%
Djibouti
29%
Liechtenstein
26%
Monaco
21%
Tajikistan
18%
São Tomé and Príncipe
16%
Seychelles
16%
Kiribati
13%
Laos
13%
Nauru
13%
Tuvalu
13%
Moldova
11%
Micronesia
8%
Mongolia
8%
Solomon Islands
8%
Timor-Leste
8%
Vanuatu
8%
Marshall Islands
5%
No matching quizzes found
Score Distribution
Percent of People with Each Score
Percentile by Number Answered
Your Score History
You have not taken this quiz